| 000 | 00000nam 2200000za 4500 |
| 001 | 9.671674 |
| 003 | CaOODSP |
| 005 | 20210615130339 |
| 007 | ta |
| 008 | 150407s2009||||xxc||||| f|0| 0 fre d |
| 020 | |a978-1-100-50329-5 |
| 040 | |aCaOODSP|bfre |
| 041 | |aeng |
| 041 | |afre |
| 043 | |an-cn--- |
| 086 | 1 |aA104-79/2009 |
| 110 | 2 |aAgence canadienne d'inspection des aliments. |bBureau de la biosécurité animale. |
| 245 | 10|aBiosécurité animale - Norme nationale de biosécurité pour les fermes avicoles |
| 260 | |aOttawa - Ontario : |bAgence canadienne d'inspection des aliments. |cc2009. |
| 300 | |avi, 16p. ; |c28 cm. + |eUn livre et un CD-ROM dans une pochette. |
| 520 | 3 |aLa Norme nationale de biosécurité pour les fermes avicoles constitue le fondement d’un programme exhaustif volontaire qui vise à fournir des directives aux propriétaires ou aux gestionnaires de tous les secteurs de l’aviculture au Canada. Le présent document a été élaboré en tant qu’outil pour guider les personnes et les entreprises qui manipulent et élèvent des oiseaux domestiques, principalement les producteurs de volailles soumis ou non à la gestion de l’offre. |
| 563 | |aTrousse |
| 590 | |a11-10|b2011-03-11 |
| 691 | 07|aMaladie animale|2gcpds |
| 691 | 07|aSécurité publique|2gcpds |
| 776 | 0#|tNational Avian On-Farm Biosecurity Standard |w(CaOODSP)9.671675 |
| 776 | 0#|tAnimal biosecurity - National Avian On-Farm Biosecurity Standard |w(CaOODSP)9.692748 |
| 776 | 0#|tBiosécurité animal - Norme nationale de biosécurité pour les fermes avicoles |w(CaOODSP)9.636960 |
| 791 | |tAnimal Biosecuty - National Avian On-Farm Biosecurity Standard |eeng|w(CaOODSP)9.671673 |
| 986 | |aACIA P0677-09 |